<?xml version="1.0" encoding="UTF-8"?>
<record
    xmlns:xsi="http://www.w3.org/2001/XMLSchema-instance"
    xsi:schemaLocation="http://www.loc.gov/MARC21/slim http://www.loc.gov/standards/marcxml/schema/MARC21slim.xsd"
    xmlns="http://www.loc.gov/MARC21/slim">

  <leader>00551nam a22001937a 4500</leader>
  <controlfield tag="005">20260415154137.0</controlfield>
  <controlfield tag="008">260415b        |||||||| |||| 00| 0 eng d</controlfield>
  <datafield tag="020" ind1=" " ind2=" ">
    <subfield code="a">978-0-443-10747-4</subfield>
  </datafield>
  <datafield tag="050" ind1=" " ind2=" ">
    <subfield code="a">QR 46 .M56 2025</subfield>
  </datafield>
  <datafield tag="100" ind1=" " ind2=" ">
    <subfield code="a">GOERING, RICHARD V,</subfield>
  </datafield>
  <datafield tag="245" ind1=" " ind2=" ">
    <subfield code="a">MIMS' MEDICAL MICROBIOLOGY AND IMMUNOLOGY</subfield>
  </datafield>
  <datafield tag="250" ind1=" " ind2=" ">
    <subfield code="a">7TH</subfield>
  </datafield>
  <datafield tag="260" ind1=" " ind2=" ">
    <subfield code="a">EDINBURGH,</subfield>
    <subfield code="b">ELSEVIER,</subfield>
    <subfield code="c">2025.</subfield>
  </datafield>
  <datafield tag="300" ind1=" " ind2=" ">
    <subfield code="a">XVI, 601 P  ILL</subfield>
  </datafield>
  <datafield tag="500" ind1=" " ind2=" ">
    <subfield code="a">INCLUDES INDEX</subfield>
  </datafield>
  <datafield tag="650" ind1=" " ind2=" ">
    <subfield code="a">1. MEDICAL MICROBIOLOGY  2. CLINICAL IMMUNOLOGY</subfield>
  </datafield>
  <datafield tag="700" ind1=" " ind2=" ">
    <subfield code="a">DOCKRWELL, HAZEL M.</subfield>
  </datafield>
  <datafield tag="942" ind1=" " ind2=" ">
    <subfield code="2">lcc</subfield>
    <subfield code="c">BK</subfield>
  </datafield>
  <datafield tag="999" ind1=" " ind2=" ">
    <subfield code="c">216980</subfield>
    <subfield code="d">216980</subfield>
  </datafield>
  <datafield tag="952" ind1=" " ind2=" ">
    <subfield code="0">0</subfield>
    <subfield code="1">0</subfield>
    <subfield code="2">lcc</subfield>
    <subfield code="4">0</subfield>
    <subfield code="6">QR0046 M56  02025</subfield>
    <subfield code="7">0</subfield>
    <subfield code="8">MED</subfield>
    <subfield code="9">376945</subfield>
    <subfield code="a">KSUL</subfield>
    <subfield code="b">KSUL</subfield>
    <subfield code="c">DISPLAY</subfield>
    <subfield code="d">2026-04-15</subfield>
    <subfield code="i">113006</subfield>
    <subfield code="l">0</subfield>
    <subfield code="o">QR 46  .M56 2025</subfield>
    <subfield code="p">a001554</subfield>
    <subfield code="r">2026-04-15 15:44:20</subfield>
    <subfield code="t">1</subfield>
    <subfield code="w">2026-04-15</subfield>
    <subfield code="y">BK</subfield>
  </datafield>
  <datafield tag="952" ind1=" " ind2=" ">
    <subfield code="0">0</subfield>
    <subfield code="1">0</subfield>
    <subfield code="2">lcc</subfield>
    <subfield code="4">0</subfield>
    <subfield code="6">QR0046 M56  02025</subfield>
    <subfield code="7">0</subfield>
    <subfield code="8">MED</subfield>
    <subfield code="9">376946</subfield>
    <subfield code="a">KSUL</subfield>
    <subfield code="b">KSUL</subfield>
    <subfield code="c">DISPLAY</subfield>
    <subfield code="d">2026-04-15</subfield>
    <subfield code="i">113007</subfield>
    <subfield code="l">0</subfield>
    <subfield code="o">QR 46  .M56 2025</subfield>
    <subfield code="p">a001552</subfield>
    <subfield code="r">2026-04-15 15:44:00</subfield>
    <subfield code="t">2</subfield>
    <subfield code="w">2026-04-15</subfield>
    <subfield code="y">BK</subfield>
  </datafield>
  <datafield tag="952" ind1=" " ind2=" ">
    <subfield code="0">0</subfield>
    <subfield code="1">0</subfield>
    <subfield code="2">lcc</subfield>
    <subfield code="4">0</subfield>
    <subfield code="6">QR0046 M56  02025</subfield>
    <subfield code="7">0</subfield>
    <subfield code="8">MED</subfield>
    <subfield code="9">376947</subfield>
    <subfield code="a">KSUL</subfield>
    <subfield code="b">KSUL</subfield>
    <subfield code="c">DISPLAY</subfield>
    <subfield code="d">2026-04-15</subfield>
    <subfield code="i">113008</subfield>
    <subfield code="l">0</subfield>
    <subfield code="o">QR 46  .M56 2025</subfield>
    <subfield code="p">a001551</subfield>
    <subfield code="r">2026-04-15 15:44:00</subfield>
    <subfield code="t">3</subfield>
    <subfield code="w">2026-04-15</subfield>
    <subfield code="y">BK</subfield>
  </datafield>
  <datafield tag="952" ind1=" " ind2=" ">
    <subfield code="0">0</subfield>
    <subfield code="1">0</subfield>
    <subfield code="2">lcc</subfield>
    <subfield code="4">0</subfield>
    <subfield code="6">QR0046 M56  02025</subfield>
    <subfield code="7">0</subfield>
    <subfield code="8">MED</subfield>
    <subfield code="9">376948</subfield>
    <subfield code="a">KSUL</subfield>
    <subfield code="b">KSUL</subfield>
    <subfield code="c">DISPLAY</subfield>
    <subfield code="d">2026-04-15</subfield>
    <subfield code="i">113009</subfield>
    <subfield code="l">0</subfield>
    <subfield code="o">QR 46  .M56 2025</subfield>
    <subfield code="p">a001549</subfield>
    <subfield code="r">2026-04-15 15:44:00</subfield>
    <subfield code="t">4</subfield>
    <subfield code="w">2026-04-15</subfield>
    <subfield code="y">BK</subfield>
  </datafield>
  <datafield tag="952" ind1=" " ind2=" ">
    <subfield code="0">0</subfield>
    <subfield code="1">0</subfield>
    <subfield code="2">lcc</subfield>
    <subfield code="4">0</subfield>
    <subfield code="6">QR0046 M56  02025</subfield>
    <subfield code="7">0</subfield>
    <subfield code="8">MED</subfield>
    <subfield code="9">376949</subfield>
    <subfield code="a">KSUL</subfield>
    <subfield code="b">KSUL</subfield>
    <subfield code="c">DISPLAY</subfield>
    <subfield code="d">2026-04-15</subfield>
    <subfield code="i">113010</subfield>
    <subfield code="l">0</subfield>
    <subfield code="o">QR 46  .M56 2025</subfield>
    <subfield code="p">a001550</subfield>
    <subfield code="r">2026-04-15 15:44:00</subfield>
    <subfield code="t">5</subfield>
    <subfield code="w">2026-04-15</subfield>
    <subfield code="y">BK</subfield>
  </datafield>
</record>
